Prístupy k analýze zisku podniku
Základné metódy analýzy výsledku hospodárenia. Novovytvorená hodnota. Analýza primeranosti tržieb vo vzťahu k majetku. Analýza vzťahov medzi ukazovateľmi rentability tržieb.
Salvato in:
| Autore principale: | |
|---|---|
| Natura: | Capitolo di libro |
| Lingua: | slovacco |
| Soggetti: | |
| Tags: |
Nessun Tag, puoi essere il primo ad aggiungerne!!
|
MARC
| LEADER | 00000naa a2200000 4500 | ||
|---|---|---|---|
| 001 | 0175098 | ||
| 005 | 20240502073003.0 | ||
| 041 | 0 | |a slo | |
| 044 | |a SK | ||
| 245 | 1 | 0 | |a Prístupy k analýze zisku podniku |c Ladislav Nagy |
| 520 | |a Základné metódy analýzy výsledku hospodárenia. Novovytvorená hodnota. Analýza primeranosti tržieb vo vzťahu k majetku. Analýza vzťahov medzi ukazovateľmi rentability tržieb. | ||
| 610 | 2 | 0 | |a výkonnosť podniku |
| 610 | 2 | 0 | |a financie |
| 610 | 2 | 0 | |a výsledok hospodársky |
| 610 | 2 | 0 | |a tržby |
| 610 | 2 | 0 | |a zisk |
| 610 | 2 | 0 | |a hodnota pridaná |
| 610 | 2 | 0 | |a majetok |
| 610 | 2 | 0 | |a rentabilita |
| 100 | 1 | |a Nagy, Ladislav | |